|
|
|
|
| LEADER |
00000cam a22000004a 4500 |
| 001 |
musev2_1632 |
| 003 |
MdBmJHUP |
| 005 |
20230905040232.0 |
| 006 |
m o d |
| 007 |
cr||||||||nn|n |
| 008 |
091020s2010 nju o 00 0 eng d |
| 010 |
|
|
|z 2009043148
|
| 020 |
|
|
|a 9780813550411
|
| 020 |
|
|
|z 0813550416
|
| 020 |
|
|
|z 9780813547572
|
| 020 |
|
|
|z 0813547571
|
| 035 |
|
|
|a (OCoLC)778455369
|
| 040 |
|
|
|a MdBmJHUP
|c MdBmJHUP
|
| 043 |
|
|
|a n-us---
|
| 050 |
0 |
4 |
|a NX180.S6
|b A73 2010
|
| 082 |
0 |
|
|a 700.86/9120973
|2 22
|
| 245 |
0 |
0 |
|a Art in the Lives of Immigrant Communities in the United States /
|c edited by Paul DiMaggio and Patricia Fernández-Kelly.
|
| 264 |
|
1 |
|a New Brunswick, N.J. :
|b Rutgers University Press,
|c 2010.
|
| 264 |
|
3 |
|a Baltimore, Md. :
|b Project MUSE,
|c 2012
|
| 264 |
|
4 |
|c ©2010.
|
| 300 |
|
|
|a 1 online resource (320 pages):
|b ill. ;
|
| 336 |
|
|
|a text
|b txt
|2 rdacontent
|
| 337 |
|
|
|a computer
|b c
|2 rdamedia
|
| 338 |
|
|
|a online resource
|b cr
|2 rdacarrier
|
| 490 |
0 |
|
|a The public life of the arts
|
| 504 |
|
|
|a Includes bibliographical references and index.
|
| 505 |
0 |
|
|a Introduction: The diversity and mobility of immigrant arts / Paul DiMaggio and Patricia Fernández-Kelly -- Migrants and the transformation of Philadelphia's cultural sector / Mark J. Stern, Susan C. Seifert, and Domenic Vitiello -- A howl to the heavens: art in the life of first- and second-generation Cuban Americans / Patricia Fernández-Kelly -- Inside and outside the box: the politics of Arab American identity and artistic representations / Amaney Jamal -- Desis in and out of the house: South Asian youth culture in the United States before and after 9/11 / Sunaina Maira -- The intimate circle: finding common ground in mariachi and norteña music / Clifford R. Murphy -- GenerAsians learn Chinese: the Asian American youth generation and new class formations / Deborah Wong -- Unfinished journey: Mexican migration through the visual arts / Gilberto Cárdenas -- Immigrant art as liminal expression: the case of Central Americans / Cecilia Menjívar -- Negotiating memories of war: arts in Vietnamese American communities / Yen Le Espiritu -- Miracles on the border: the votive art of Mexican migrants to the United States / Jorge Durand and Douglas S. Massey -- Visual culture and visual piety in Little Haiti: the sea, the tree, and the refugee / Terry Rey and Alex Stepick.
|
| 588 |
|
|
|a Description based on print version record.
|
| 650 |
|
0 |
|a Immigrants
|z United States
|x Social life and customs
|y 21st century.
|
| 650 |
|
0 |
|a Immigrants
|z United States
|x Social life and customs
|y 20th century.
|
| 650 |
|
0 |
|a Arts and society
|z United States
|x History
|y 21st century.
|
| 650 |
|
0 |
|a Arts and society
|z United States
|x History
|y 20th century.
|
| 651 |
|
0 |
|a United States
|x Social life and customs
|y 21st century.
|
| 651 |
|
0 |
|a United States
|x Social life and customs
|y 20th century.
|
| 655 |
|
7 |
|a Electronic books.
|2 local
|
| 700 |
1 |
|
|a Fernández-Kelly, María Patricia,
|d 1948-
|
| 700 |
1 |
|
|a DiMaggio, Paul.
|
| 710 |
2 |
|
|a Project Muse.
|e distributor
|
| 830 |
|
0 |
|a Rutgers series on the public life of the arts.
|
| 830 |
|
0 |
|a Book collections on Project MUSE.
|
| 856 |
4 |
0 |
|z Texto completo
|u https://projectmuse.uam.elogim.com/book/1632/
|
| 945 |
|
|
|a Project MUSE - Custom Collection
|
| 945 |
|
|
|a Project MUSE - 2010 Global Cultural Studies
|
| 945 |
|
|
|a Project MUSE - 2010 Complete
|